Hào kiệt Lam Sơn : tiểu thuyết lịch sử
Gorde:
| Egile nagusia: | |
|---|---|
| Formatua: | Liburua |
| Hizkuntza: | Undetermined |
| Argitaratua: |
Hà Nội
Văn học
1995
|
| Gaiak: | |
| Etiketak: |
Etiketa erantsi
Etiketarik gabe, Izan zaitez lehena erregistro honi etiketa jartzen!
|
| Thư viện lưu trữ: | Trung tâm Học liệu Trường Đại học Cần Thơ |
|---|
| LEADER | 00556nam a2200193Ia 4500 | ||
|---|---|---|---|
| 001 | CTU_9623 | ||
| 008 | 210402s9999 xx 000 0 und d | ||
| 082 | |a 895.9223081 | ||
| 082 | |b Đ312/T.1 | ||
| 100 | |a Vũ, Ngọc Đĩnh | ||
| 245 | 0 | |a Hào kiệt Lam Sơn : | |
| 245 | 0 | |b tiểu thuyết lịch sử | |
| 245 | 0 | |c Vũ Ngọc Đĩnh | |
| 260 | |a Hà Nội | ||
| 260 | |b Văn học | ||
| 260 | |c 1995 | ||
| 650 | |a Historical fiction, vietnamese | ||
| 904 | |i Huỳnh Mai | ||
| 980 | |a Trung tâm Học liệu Trường Đại học Cần Thơ | ||